[Event "SVK-chT 2324"]
[Site "Slovakia"]
[Date "2024.01.21"]
[Round "6.6"]
[White "Bury, Rastislav"]
[Black "Urhegyi, Marton"]
[Result "0-1"]
[WhiteElo "2112"]
[BlackElo "2259"]
[PlyCount "70"]
[EventDate "2023.11.04"]
[EventType "team-tourn"]
[EventRounds "11"]
[EventCountry "SVK"]
[SourceTitle "CB04_2024"]
[SourceDate "2023.10.16"]
[SourceVersion "1"]
[SourceVersionDate "2023.10.16"]
[SourceQuality "1"]
[WhiteTeam "Osuske"]
[BlackTeam "Cebovce"]
[WhiteTeamCountry "SVK"]
[BlackTeamCountry "SVK"]

1. d4 Nf6 2. Nf3 d5 3. g3 e6 4. Bg2 Be7 5. 0-0 0-0 6. c4 c6 7. Nc3 a5 8. Ne5 b6 9. Re1 Ba6 10. b3 Nfd7 11. Nxd7 Nxd7 12. cxd5 cxd5 13. Bb2 b5 14. e4 b4 15. Na4 Bb7 16. exd5 Bxd5 17. Bxd5 exd5 18. Rc1 Re8 19. Qd3 Nf6 20. f3 Bd6 21. Rxe8+ Qxe8 22. Nc5 Qe7 23. Kf2 Rc8 24. Qe3 Qa7 25. Na4 Re8 26. Qd3 Qd7 27. Re1 Rxe1 28. Kxe1 h5 29. Qf1 Qf5 30. Kf2 h4 31. Kg2 Nh5 32. f4 Nf6 33. Nc5 Bxc5 34. dxc5 Qc2+ 35. Qf2 h3+ 0-1

[Event "SVK-chT 2324"]
[Site "Slovakia"]
[Date "2023.11.04"]
[Round "1.6"]
[White "Zetocha, Claudiu"]
[Black "Urhegyi, Marton"]
[Result "1-0"]
[WhiteElo "2268"]
[BlackElo "2259"]
[PlyCount "117"]
[EventDate "2023.11.04"]
[EventType "team-tourn"]
[EventRounds "11"]
[EventCountry "SVK"]
[SourceTitle "Mega2024 Update 01"]
[Source "Chessbase"]
[SourceDate "2023.11.12"]
[SourceVersion "1"]
[SourceVersionDate "2023.11.12"]
[SourceQuality "1"]
[WhiteTeam "Bratislava Slovan"]
[BlackTeam "Cebovce"]
[WhiteTeamCountry "SVK"]
[BlackTeamCountry "SVK"]

1. c4 c5 2. g3 Nc6 3. Bg2 g6 4. Nc3 Bg7 5. d3 e5 6. Nf3 Nge7 7. 0-0 0-0 8. a3 d6 9. Rb1 a5 10. Ne1 Be6 11. Nd5 Bxd5 12. cxd5 Nd4 13. a4 Ndf5 14. Nc2 Nc8 15. Na3 Nb6 16. b3 Nd7 17. Bd2 Nb8 18. Nc4 b6 19. Bh3 Na6 20. f4 Ne7 21. e4 Nb4 22. Rf3 Rb8 23. fxe5 dxe5 24. Bc3 f6 25. Be6+ Kh8 26. g4 g5 27. Rh3 h6 28. Bf5 Qe8 29. Qf3 Nc2 30. Rh5 Nd4 31. Bxd4 cxd4 32. h4 Nxf5 33. Qxf5 Qc8 34. Qxc8 Rfxc8 35. hxg5 fxg5 36. Rf1 Rf8 37. Rh2 Rxf1+ 38. Kxf1 b5 39. axb5 Rxb5 40. Rb2 Kg8 41. Ke2 Bf8 42. Kd1 Bb4 43. Rf2 Kg7 44. Rf5 Bc3 45. Kc2 Rb7 46. Nxe5 a4 47. bxa4 Rb2+ 48. Kc1 Ra2 49. Rf7+ Kg8 50. Ra7 h5 51. gxh5 g4 52. h6 Rh2 53. Nxg4 Rg2 54. Nf6+ Kf8 55. h7 Bb2+ 56. Kb1 Rg1+ 57. Ka2 Ra1+ 58. Kb3 Ra3+ 59. Kb4 1-0

[Event "Budapest SixDays 08 IM"]
[Site "Budapest"]
[Date "2023.07.31"]
[Round "1"]
[White "Aditya, Varun Gampa"]
[Black "Urhegyi, Marton"]
[Result "1-0"]
[WhiteElo "2299"]
[BlackElo "2274"]
[PlyCount "93"]
[EventDate "2023.07.31"]
[EventType "tourn"]
[EventRounds "9"]
[EventCountry "HUN"]
[SourceTitle "CBM 215 Extra"]
[Source "ChessBase"]
[SourceDate "2023.09.30"]
[SourceVersion "1"]
[SourceVersionDate "2023.09.30"]
[SourceQuality "1"]

1. e4 c5 2. Nf3 d6 3. d4 cxd4 4. Nxd4 Nf6 5. Nc3 g6 6. Be3 Bg7 7. f3 0-0 8. Qd2 Nc6 9. 0-0-0 d5 10. Nxc6 bxc6 11. Bc4 e6 12. Bb3 Qc7 13. h4 dxe4 14. Bf4 e5 15. Bg5 exf3 16. Bxf6 Bxf6 17. Ne4 Qe7 18. gxf3 Bf5 19. Qh6 Bxe4 20. fxe4 Rad8 21. Rdg1 Bg7 22. Qe3 Rd6 23. h5 Rfd8 24. a3 Rf6 25. Kb1 Kf8 26. hxg6 hxg6 27. Rh7 Rf4 28. Ka2 Rd4 29. Rgh1 Rdxe4 30. Qh3 Qd8 31. c3 Re2 32. Rd1 Qe8 33. Qd3 Rff2 34. Qd6+ Qe7 35. Qb8+ Qe8 36. Rd8 Rxb2+ 37. Ka1 Kg8 38. Rxg7+ Kxg7 39. Rxe8 Rbe2 40. Rg8+ Kf6 41. Qd6+ Kg5 42. Qd1 e4 43. Bxf7 e3 44. Rxg6+ Kf5 45. Qd7+ Kf4 46. Qg4+ Ke5 47. Re6+ 1-0

[Event "SVK-chT 2223"]
[Site "Slovakia"]
[Date "2023.01.21"]
[Round "5.1"]
[White "Urhegyi, Marton"]
[Black "Zetocha, Claudiu"]
[Result "1/2-1/2"]
[WhiteElo "2230"]
[BlackElo "2296"]
[PlyCount "37"]
[EventDate "2022.10.22"]
[EventType "team-tourn"]
[EventRounds "11"]
[EventCountry "SVK"]
[SourceTitle "EXT 2024"]
[Source "ChessBase"]
[SourceDate "2023.10.10"]
[SourceVersion "1"]
[SourceVersionDate "2023.10.10"]
[SourceQuality "1"]
[WhiteTeam "Cebovce"]
[BlackTeam "Bratislava Slovan"]
[WhiteTeamCountry "SVK"]
[BlackTeamCountry "SVK"]

1. e4 e5 2. Nf3 Nc6 3. Nc3 Nf6 4. Bb5 Bb4 5. 0-0 0-0 6. d3 Bxc3 7. bxc3 d6 8. Bg5 Qe7 9. Bxc6 bxc6 10. Nd2 h6 11. Bh4 g5 12. Bg3 Bg4 13. f3 Be6 14. d4 Nh5 15. Qe2 a5 16. a4 f6 17. Rfb1 Qf7 18. Rb2 Kh7 19. Nf1 1/2-1/2

[Event "SVK-chT 2122"]
[Site "Slovakia"]
[Date "2022.03.12"]
[Round "5.5"]
[White "Urhegyi, Marton"]
[Black "Petran, Peter"]
[Result "1/2-1/2"]
[WhiteElo "2245"]
[BlackElo "2231"]
[PlyCount "85"]
[EventDate "2021.10.23"]
[EventType "team-tourn"]
[EventRounds "11"]
[EventCountry "SVK"]
[SourceTitle "EXT 2023"]
[Source "ChessBase"]
[SourceDate "2022.10.05"]
[SourceVersion "1"]
[SourceVersionDate "2022.10.05"]
[SourceQuality "1"]
[WhiteTeam "Cebovce"]
[BlackTeam "Bratislava Slovan"]
[WhiteTeamCountry "SVK"]
[BlackTeamCountry "SVK"]

1. e4 g6 2. Nc3 Bg7 3. Bc4 e6 4. d4 Ne7 5. Nf3 d5 6. Be2 Nd7 7. Bg5 Nf6 8. Qd3 0-0 9. h4 Nxe4 10. Nxe4 dxe4 11. Qxe4 h6 12. Bf4 Qd5 13. Qxd5 Nxd5 14. Be5 Rd8 15. 0-0-0 Bd7 16. c4 Bxe5 17. Nxe5 Nb4 18. a3 Nc6 19. Bf3 Nxe5 20. dxe5 Ba4 21. Rd2 Rab8 22. Re1 b6 23. Re3 Kf8 24. b3 Rxd2 25. Kxd2 Rd8+ 26. Kc3 Be8 27. b4 c5 28. bxc5 bxc5 29. Re2 Rb8 30. Rb2 Rb6 31. Rxb6 axb6 32. Be4 f5 33. exf6 Kf7 34. Kd3 Kxf6 35. Ke3 Ba4 36. Bd3 Bd1 37. g3 Ba4 38. Be4 Bd7 39. Bd3 e5 40. Be2 Bf5 41. Bf3 Bc2 42. Bg2 Bb3 43. Bf1 1/2-1/2

[Event "Budapest FS09 IM"]
[Site "Budapest"]
[Date "2021.09.06"]
[Round "3"]
[White "Urhegyi, Marton"]
[Black "Fiedorek, Michal"]
[Result "0-1"]
[WhiteElo "2273"]
[BlackElo "2297"]
[PlyCount "94"]
[EventDate "2021.09.04"]
[EventType "tourn"]
[EventRounds "9"]
[EventCountry "HUN"]
[EventCategory "1"]
[SourceTitle "CBM 204 Extra"]
[Source "ChessBase"]
[SourceDate "2021.11.30"]
[SourceVersion "1"]
[SourceVersionDate "2021.11.30"]
[SourceQuality "1"]

1. e4 c5 2. Nf3 Nc6 3. d4 cxd4 4. Nxd4 Nf6 5. Nc3 d6 6. Bg5 e6 7. Qd2 a6 8. 0-0-0 Bd7 9. f4 b5 10. Bxf6 gxf6 11. Kb1 b4 12. Nce2 Qb6 13. Qe1 h5 14. Nxc6 Bxc6 15. Nd4 Bd7 16. Bc4 Qc5 17. Qe2 a5 18. f5 e5 19. Nb3 Qb6 20. Rd5 a4 21. Nc1 Rb8 22. Rhd1 Bc6 23. R5d3 Qc5 24. b3 Rc8 25. Re3 Rc7 26. g4 h4 27. Qe1 a3 28. c3 bxc3 29. Rxc3 Qb6 30. h3 Qb7 31. Bd5 Bxd5 32. exd5 Bh6 33. Rxc7 Qxc7 34. Ne2 Kd7 35. Qc3 Qb7 36. Qc4 Rc8 37. Qa4+ Ke7 38. Qxa3 Qc7 39. Qb2 Qc5 40. Ka1 Qb6 41. Nc3 Qe3 42. Ne2 Qxh3 43. Qa3 Qf3 44. Qa7+ Kf8 45. Qa6 Rc2 46. g5 Bxg5 47. Qc8+ Rxc8 0-1

[Event "Budapest FS09 IM"]
[Site "Budapest"]
[Date "2021.09.05"]
[Round "2"]
[White "Akesson, Ralf"]
[Black "Urhegyi, Marton"]
[Result "1-0"]
[WhiteElo "2389"]
[BlackElo "2273"]
[PlyCount "131"]
[EventDate "2021.09.04"]
[EventType "tourn"]
[EventRounds "9"]
[EventCountry "HUN"]
[EventCategory "1"]
[SourceTitle "CBM 204 Extra"]
[Source "ChessBase"]
[SourceDate "2021.11.30"]
[SourceVersion "1"]
[SourceVersionDate "2021.11.30"]
[SourceQuality "1"]

1. d4 d5 2. c4 c6 3. Nc3 Nf6 4. e3 a6 5. Qc2 g6 6. Bd3 Bg7 7. Nf3 0-0 8. 0-0 Bg4 9. Ne5 Be6 10. c5 Nbd7 11. Nxd7 Qxd7 12. Bd2 Bf5 13. Bxf5 gxf5 14. f3 Kh8 15. Ne2 h5 16. Be1 Bh6 17. Qd2 Rg8 18. Bh4 Bg5 19. Bxg5 Rxg5 20. Nf4 Rag8 21. Kh1 Qc7 22. Rg1 Nd7 23. Rac1 Kh7 24. Qc2 e6 25. b4 Kh8 26. a4 Nf6 27. Rb1 R5g7 28. Qf2 e5 29. dxe5 Qxe5 30. Qd2 Re8 31. Rge1 h4 32. Qd4 Rgg8 33. Kg1 Kg7 34. Kf2 Qxd4 35. exd4 Rxe1 36. Rxe1 Re8 37. Rb1 Nd7 38. b5 axb5 39. axb5 Ra8 40. Rb2 Nf8 41. bxc6 bxc6 42. Rb6 Ra2+ 43. Ke3 Ne6 44. Nxe6+ fxe6 45. Rxc6 Kf6 46. Rc8 Ra3+ 47. Kf4 Ra4 48. Rf8+ Kg7 49. Rb8 Kf6 50. Ke3 Ra3+ 51. Ke2 Ra2+ 52. Kd3 Ke7 53. Rh8 Rxg2 54. Rxh4 f4 55. Rh7+ Kd8 56. Kc3 Rf2 57. c6 Rxf3+ 58. Kb4 Rd3 59. Kc5 Kc8 60. c7 Rc3+ 61. Kd6 f3 62. Rh8+ Kb7 63. Rb8+ Ka7 64. c8Q Rxc8 65. Rxc8 f2 66. Rc1 1-0

[Event "Budapest Aranytiz IM"]
[Site "Budapest"]
[Date "2021.07.21"]
[Round "2"]
[White "Urhegyi, Marton"]
[Black "Szeberenyi, Adam"]
[Result "1/2-1/2"]
[WhiteElo "2297"]
[BlackElo "2380"]
[PlyCount "29"]
[EventDate "2021.07.20"]
[EventType "tourn"]
[EventRounds "9"]
[EventCountry "HUN"]
[EventCategory "3"]
[SourceTitle "CBM 203 Extra"]
[Source "ChessBase"]
[SourceDate "2021.09.30"]
[SourceVersion "1"]
[SourceVersionDate "2021.09.30"]
[SourceQuality "1"]

1. e4 e6 2. d4 d5 3. Nd2 h6 4. Ngf3 Nf6 5. e5 Nfd7 6. Bd3 c5 7. c3 Nc6 8. a3 g5 9. h3 Qb6 10. Qa4 Be7 11. Bb5 a6 12. Bxc6 Qxc6 13. Qd1 a5 14. Nf1 b6 15. Ng3 1/2-1/2

[Event "Budapest Vezerkepzo GM 6th"]
[Site "Budapest"]
[Date "2021.06.22"]
[Round "8"]
[White "Urhegyi, Marton"]
[Black "Bharath, Subramaniyam H"]
[Result "1/2-1/2"]
[WhiteElo "2250"]
[BlackElo "2437"]
[PlyCount "106"]
[EventDate "2021.06.15"]
[EventType "tourn"]
[EventRounds "9"]
[EventCountry "HUN"]
[EventCategory "6"]
[SourceTitle "EXT 2022"]
[Source "ChessBase"]
[SourceDate "2021.10.06"]
[SourceVersion "1"]
[SourceVersionDate "2021.10.06"]
[SourceQuality "1"]

1. e4 c5 2. Nf3 e6 3. d4 cxd4 4. Nxd4 a6 5. Nc3 Qc7 6. g3 Nf6 7. Bg2 Be7 8. 0-0 0-0 9. Re1 d6 10. f4 Nc6 11. Nxc6 bxc6 12. e5 dxe5 13. fxe5 Nd5 14. Na4 Bb7 15. c4 Nb4 16. Qe2 Rfd8 17. Bf4 c5 18. Bxb7 Qxb7 19. b3 Nd3 20. Red1 Nxf4 21. gxf4 f5 22. Qg2 Qc7 23. Qf3 g6 24. Kf2 Kf7 25. Qh3 Kg8 26. Qf3 Bf8 27. Ke2 Rac8 28. Qe3 Qe7 29. Rxd8 Rxd8 30. Rd1 Rxd1 31. Kxd1 h6 32. h4 h5 33. Ke2 Kf7 34. Qg3 Qd8 35. Qf2 Be7 36. Nxc5 Bxh4 37. Qf3 Be7 38. Qc6 Bxc5 39. Qxc5 h4 40. Qa7+ Kg8 41. Qxa6 h3 42. Qxe6+ Kh7 43. Qf7+ Kh6 44. e6 Qa8 45. e7 Qe4+ 46. Kd2 Qxf4+ 47. Kc3 Qe3+ 48. Kb4 Qb6+ 49. Ka4 Qa6+ 50. Kb4 Qb6+ 51. Ka3 Qa5+ 52. Kb2 Qd2+ 53. Ka3 Qa5+ 1/2-1/2

[Event "SVK-chT1E 1920"]
[Site "Slovakia"]
[Date "2020.06.21"]
[Round "11.4"]
[White "Macko, Michal"]
[Black "Urhegyi, Marton"]
[Result "1/2-1/2"]
[WhiteElo "2148"]
[BlackElo "2199"]
[PlyCount "20"]
[EventDate "2019.10.12"]
[EventType "team-tourn"]
[EventRounds "11"]
[EventCountry "SVK"]
[SourceTitle "EXT 2022"]
[Source "ChessBase"]
[SourceDate "2021.10.06"]
[SourceVersion "1"]
[SourceVersionDate "2021.10.06"]
[SourceQuality "1"]
[WhiteTeam "Liptov Chess School II"]
[BlackTeam "Cebovce"]
[WhiteTeamCountry "SVK"]
[BlackTeamCountry "SVK"]

1. c4 c5 2. g3 g6 3. Bg2 Bg7 4. Nc3 Nc6 5. e3 d6 6. Nge2 e5 7. a3 Nge7 8. Rb1 Be6 9. Nd5 a5 10. Nec3 0-0 1/2-1/2